00762cam a2200253 450000100060000000300080000600500170001400800390003102000150007003500190008504000320010404100080013608200240014410000410016824500620020925000120027126000370028330000390032035000100035950000560036950400490042565000140047465000200048811265BD-RjUL20211208235110.0140126t1969 enka b 001 0 eng a0412093707 a(BD-RjUL)11314 aDLCcDLCdDLCdBD-RjULbeng aeng00a548.8216bSMW 19691 aSmith, R. A.q(Robert Allan),d1909-10aWave mechanics of crystalline solids /c[by] R. A. Smith. a2nd ed. aLondon :bChapman & Hall,c1969. aiii-xx, 553 p. :billus. ;c25 cm. a6/6/- a"Distributed in the U.S.A. by Barnes & Noble, Inc." aincludesBibliographical reference and index. 0aCrystals. 0aWave mechanics.